| Tag |
First Indicator |
Second Indicator |
Subfields |
| LEADER |
00000cam a2200000 a 4500 |
| 001 |
in00000009438 |
| 005 |
20151007051538.0 |
| 008 |
861001r1987 nyua j 00110 eng |
| 010 |
|
|
|a 86023772
|
| 020 |
|
|
|a 0027668703 :
|c $12.95
|
| 035 |
|
|
|a (OCoLC)14413407
|
| 035 |
|
|
|9 AAA3526AM
|
| 040 |
|
|
|a DLC
|c DLC
|d TXA
|d UtOrBLW
|
| 049 |
|
|
|a [Curr Col] TXAM
|c [A12636814]
|
| 050 |
0 |
0 |
|a PS3525.E639
|b H34 1987
|
| 082 |
0 |
|
|a 811/.54
|a E
|2 19
|
| 100 |
1 |
|
|a Merriam, Eve,
|d 1916-1992.
|
| 245 |
1 |
0 |
|a Halloween A B C /
|c poems by Eve Merriam ; illustrations by Lane Smith.
|
| 250 |
|
|
|a 1st American ed.
|
| 264 |
|
1 |
|a New York :
|b Macmillan ;
|a London :
|b Collier Macmillan,
|c [1987]
|
| 264 |
|
4 |
|c ©1987
|
| 300 |
|
|
|a 28 unnumbered pages :
|b color illustrations ;
|c 22 x 27 cm.
|
| 336 |
|
|
|a text
|b txt
|2 rdacontent
|
| 337 |
|
|
|a unmediated
|b n
|2 rdamedia
|
| 338 |
|
|
|a volume
|b nc
|2 rdacarrier
|
| 520 |
|
|
|a A poem for each letter of the alphabet introduces a different, spooky aspect of Halloween.
|
| 650 |
|
0 |
|a Halloween
|v Juvenile poetry.
|
| 650 |
|
0 |
|a Alphabet rhymes.
|
| 650 |
|
1 |
|a Halloween
|x Poetry.
|
| 650 |
|
1 |
|a American poetry.
|
| 650 |
|
1 |
|a Alphabet.
|
| 700 |
1 |
|
|a Smith, Lane.
|
| 740 |
0 |
|
|a Halloween ABC.
|
| 999 |
|
|
|a MARS
|
| 999 |
f |
f |
|s ff3d4d55-80b7-394f-b7c0-5818f226fec6
|i 8f59e91f-afae-3b5f-a067-d46860337581
|t 0
|
| 952 |
f |
f |
|p normal
|a Texas A&M University
|b College Station
|c Sterling C. Evans Library
|d Evans: Curriculum Collection (4th floor)
|t 0
|e PS3525.E639 H34 1987
|h Library of Congress classification
|i unmediated -- volume
|m A14812636814
|
| 998 |
f |
f |
|a PS3525.E639 H34 1987
|t 0
|l Evans: Curriculum Collection (4th floor)
|